Peniaze sú vždy až na prvom mieste

Príklady slovenských startupov. Ako financovať slovenský startup.

Enregistré dans:
Détails bibliographiques
Auteur principal: Žuffa, Radovan
Autres auteurs: Mravčák, Alexander
Format: Chapitre de livre
Langue:slovaque
Sujets:
Tags: Ajouter un tag
Pas de tags, Soyez le premier à ajouter un tag!

MARC

LEADER 00000naa a2200000 4500
001 0167404
005 20231113074736.4
041 0 |a slo 
044 |a SK 
245 1 0 |a Peniaze sú vždy až na prvom mieste  |c Radovan Žuffa, Alexander Mravčák 
520 |a Príklady slovenských startupov. Ako financovať slovenský startup. 
610 2 0 |a podnikanie 
610 2 0 |a podnikatelia 
610 2 0 |a kreativita 
610 2 0 |a financie 
610 2 0 |a financovanie 
100 1 |a Žuffa, Radovan 
700 1 |a Mravčák, Alexander